| 000 | 00514nam a2200169Ia 4500 | ||
|---|---|---|---|
| 008 | 140529s9999 xx 000 0 und d | ||
| 020 | _a9781405170307 | ||
| 050 |
_aQ 161.2 _b.J36 2002 |
||
| 100 | _aJames, Joyce. | ||
| 245 |
_aPrinciples of science for nurses / _cJoyce James, Colin Baker & Helen Swain |
||
| 260 |
_aOsney Mead, Oxford ; Malden, MA : _bBlackwell Science, _cc2002. |
||
| 300 |
_a252 p. : _bill. ; _c25 cm. |
||
| 500 | _aIncludes index. | ||
| 521 | _aNUR | ||
| 942 |
_kFOR _cBK |
||
| 999 |
_c117788 _d117788 |
||